Giáo trình chủ nghĩa xã hội khoa học

Guardat en:
Dades bibliogràfiques
Autor principal: Đỗ, Nguyên Phương
Format: Llibre
Idioma:Undetermined
Publicat: Hà Nội Chính trị Quốc gia 2004
Matèries:
Etiquetes: Afegir etiqueta
Sense etiquetes, Sigues el primer a etiquetar aquest registre!
Thư viện lưu trữ: Trung tâm Học liệu Trường Đại học Cần Thơ
LEADER 00570nam a2200193Ia 4500
001 CTU_81640
008 210402s9999 xx 000 0 und d
020 |c 37000 
082 |a 335.423 
082 |b Ph561 
100 |a Đỗ, Nguyên Phương 
245 0 |a Giáo trình chủ nghĩa xã hội khoa học 
245 0 |c Đỗ Nguyên Phương ... [et al.] 
260 |a Hà Nội 
260 |b Chính trị Quốc gia 
260 |c 2004 
650 |a Socialism 
904 |i Giang,Hải 
980 |a Trung tâm Học liệu Trường Đại học Cần Thơ